Špecifické pracovné podmienky

V rámci pracovného pomeru môže dôjsť k výkonu práce špecifických kategórií zamestnancov, ktorými sú tehotné ženy, matky do konca deviateho mesiaca po pôrode a taktiež dojčiace ženy pracujúce v pracovnom pomere. Pri týchto kategóriách zamestnancov je potrebné vytvoriť špecifické pracovné podmienky. P...

Description complète

Enregistré dans:
Détails bibliographiques
Auteur principal: Hrtánek, Ladislav
Format: Chapitre de livre
Langue:slovaque
Sujets:
Tags: Ajouter un tag
Pas de tags, Soyez le premier à ajouter un tag!

MARC

LEADER 00000naa a2200000 4500
001 0247097
005 20180823083803.2
041 0 |a slo 
044 |a SK 
245 1 0 |a Špecifické pracovné podmienky  |c Ladislav Hrtánek 
520 |a V rámci pracovného pomeru môže dôjsť k výkonu práce špecifických kategórií zamestnancov, ktorými sú tehotné ženy, matky do konca deviateho mesiaca po pôrode a taktiež dojčiace ženy pracujúce v pracovnom pomere. Pri týchto kategóriách zamestnancov je potrebné vytvoriť špecifické pracovné podmienky. Práce, ktoré nemôžu vôbec vykonávať. 
610 2 0 |a pomer pracovný 
610 2 0 |a práca 
610 2 0 |a podmienky pracovné 
610 2 0 |a ženy 
610 2 0 |a deti 
610 2 0 |a starostlivosť o deti 
610 2 0 |a legislatíva 
610 2 0 |a zákonník práce 
610 2 0 |a zamestnanci 
610 2 0 |a povinnosti zamestnávateľov 
100 1 |a Hrtánek, Ladislav